Formule 1 - De la Formule 1 à la Formule E - Statistiques

Statistiques générales
  • Ce quiz a été pris 21 fois
  • Le résultat moyen est 11 sur 31
Statistiques - réponses
Années F1 Pilote Equipes F1 Années FE % Correct
2022-2023 Nyck de Vries Williams, AlphaTauri 2019-20222023-
72%
2012-2014 Jean-Eric Vergne Toro Rosso 2014-
67%
2017- Pierre Gasly Toro Rosso, Red Bull, AlphaTauri, Alpine 2016-2017
61%
2016-2018 Stoffel Vandoorne McLaren 2018-2025
61%
2008-2009 Nelsinho Piquet Renault 2014-2019
56%
2009-2011 Sébastien Buemi Toro Rosso 2014-
56%
2017, 2019-2021 Antonio Giovinazzi Sauber, Alfa Romeo 2021-2022
50%
2002, 2004-2017 Felipe Massa Sauber, Ferrari, Williams 2018-2020
50%
1996-2006 Jacques Villeneuve Williams, BAR, Renault, Sauber, BMW Sauber 2015-2016
50%
2017-2018 Brendon Hartley Toro Rosso 2019-2020
44%
2016-2017 Pascal Wehrlein Manor, Sauber 2018-
44%
2014 André Lotterer Caterham 2017-2023
33%
2015-2016 Felipe Nasr Sauber 2018-2019
33%
2006 Franck Montagny Super Aguri 2014-2015
33%
1997-2011 Jarno Trulli Minardi, Prost, Jordan, Renault, Toyota, Lotus 2014-2016
33%
2009-2012, 2014 Kamui Kobayashi Toyota, Sauber; Caterham 2017-2018
33%
2000-2011 Nick Heidfeld Prost, Sauber, Jordan, Williams, BMW Sauber, Renault 2014-2018
33%
2002-2008 Takuma Sato Jordan, BAR, Super Aguri 2014-2015
33%
2011-2012 Jérôme d'Ambrosio Virgin, Lotus 2014-2020
28%
2010 Lucas di Grassi Virgin 2014-
28%
2005-2007, 2009-2011 Vitantonio Liuzzi Red Bull, Toro Rosso, Force India, HRT 2014-2015
28%
2013-2014, 2016 Esteban Gutierrez Sauber, Haas 2016-2017
22%
2015 Roberto Merhi Marussia 2022-2023
22%
2006-2007 Scott Speed Toro Rosso 2014-2015
22%
2010-2012 Bruno Senna HRT, Renault, Williams 2014-2016
17%
2003 Justin Wilson Minardi, Jaguar 2014-2015
17%
2006-2007, 2010 Sakon Yamamoto Super Aguri, Spyker, HRT 2014-2015
17%
2012-2013 Charles Pic Marussia, Caterham 2014-2015
11%
2009-2011 Jaime Alguersuari Toro Rosso 2014-2015
11%
2010-2011 Karun Chandhok HRT, Lotus 2014-2015
11%
1999 Stéphane Sarrazin Minardi 2014-2018
11%
Aucun quiz correspondant
Distribution des résultats
% des personnes avec chaque résultat
Percentile par nombre de réponses
Votre historique - résultats
Vous n’avez pas pris ce quiz